000 00671nam a2200289Ia 4500
005 20260324145545.0
008 008 260324s9999 xx 000 0 eng d
020 _a9780203987964
037 _aEBOOK
040 _aCRL
040 _beng
040 _cCRL
041 _2eng
041 _aeng
084 _qCRL
100 _aA. D. Murray
_91223377
245 0 _aJohn Ludlow
245 4 _bThe Autobiography of a Christian Socialist
260 _bTaylor and Francis
260 _c1981
365 _a
365 _b180
856 _uhttp://www.taylorfrancis.com/books/9780203987964
942 _cEBOOK
999 _c1831455
_d1831455